logo

Bir Sreshtho Munshi Abdur Rouf Library
Jhenaidah Cadet College

Forensic psychiatry in islamic jurisprudence / (Record no. 12373)

MARC details
000 -LEADER
fixed length control field 00706nam a2200253 a 4500
001 - CONTROL NUMBER
JCCL Control Number 12373
003 - CONTROL NUMBER IDENTIFIER
JCCL marc code BD-JhCC
005 - DATE AND TIME OF LATEST TRANSACTION
control field 20230119134025.0
008 - FIXED-LENGTH DATA ELEMENTS--GENERAL INFORMATION
fixed length control field 210605s bg |||| |||| 001 0 eng d
020 ## - INTERNATIONAL STANDARD BOOK NUMBER
International Standard Book Number 1565642767
035 ## - SYSTEM CONTROL NUMBER
system control number (BD-JhCC)12373
040 ## - CATALOGING SOURCE
Original cataloging agency BD-JhCC
Modifying agency BD-JhCC
041 ## - LANGUAGE CODE
Language code of Book eng
082 ## - DEWEY DECIMAL CLASSIFICATION NUMBER
Classification number 297.26
Author mark and Year CHA
100 ## - MAIN ENTRY--PERSONAL NAME
Personal name Chaleby, Kutaiba S.
245 ## - TITLE STATEMENT
Title Forensic psychiatry in islamic jurisprudence /
Statement of responsibility, etc Kutaiba S. Chaleby,
260 ## - PUBLICATION, DISTRIBUTION, ETC. (IMPRINT)
Place of publication, distribution, etc Dhaka :
Name of publisher, distributor, etc The International Institute of Islamic Thought,
Date of publication, distribution, etc ?
300 ## - PHYSICAL DESCRIPTION
Pagination xxix, 189 p. :
Dimensions 21 cm.
504 ## - BIBLIOGRAPHY, ETC. NOTE
Bibliography, etc Includes Index.
650 ## - SUBJECT ADDED ENTRY--TOPICAL TERM
Topical term or geographic name as entry element Insanity (Law)
650 ## - SUBJECT ADDED ENTRY--TOPICAL TERM
Topical term or geographic name as entry element Forensic psychiatry
650 ## - SUBJECT ADDED ENTRY--TOPICAL TERM
Topical term or geographic name as entry element Islamic law
942 ## - ADDED ENTRY ELEMENTS (KOHA)
Source of classification or shelving scheme Dewey Decimal Classification
Koha item type Books
Koha issues (borrowed), all copies 2
Holdings
Source of classification or shelving scheme Damaged status Not for loan Home library Current library Shelving location Date of accession Cost, normal purchase price Total Checkouts Full call number Barcode Date last seen Date checked out Copy number Koha item type
Dewey Decimal Classification     JCC Rouf Library JCC Rouf Library General Stacks 06/05/2021 350.00 1 297.26 CHA 16724 05/13/2023 01/18/2023 C-1 Books

JCC Library | Contacts | JCC Home

Last Update on 23 September 2017
Copyright @ 2017-2020 JCC Rouf Library
Rouf Library, Jhenidah Cadet College (JCC), Bangladesh